000 01648nam a2200349 i 4500
001 183507
003 ES-MaACL
005 20250704062549.0
008 140708s2014 sp |||| |bspa d
020 _a978-84-9911-272-5
080 _a94(460)"18/19":929 Costa, Joaquín
100 0 _aGil Novales, Alberto,
_d1930-2016
_956851
245 1 0 _aEstudios costistas /
_cAlberto Gil Novales.
260 _aZaragoza :
_bInstitución "Fernando el Católico",
_c2014.
300 _a341 p. ;
_c24 cm.
490 1 _aEstudios. Historia
490 1 _aPublicación de la Institución "Fernando el Católico" ;
_v3294
500 _aÍndice onomástico.
504 _aBibliografía: p. 279-313.
505 8 _aContiene: Joaquín Costa en el Ateneo de Madrid y el Ateneo en tiempos de Costa : [conferencia inaugural de las Jornadas de Conmemoración del Centenario de la muerte de Joaquín Costa, pronunciada en el Ateneo de Madrid el 5 de septiembre de 2011], p. 253-277
600 1 4 _aCosta, Joaquín,
_d1846-1911
_941054
610 2 4 _aAteneo de Madrid-
_vHistoria
_91925
610 2 4 _aAteneo de Madrid-
_vConferencias-
_y2000-
_9168597
710 2 _aInstitución "Fernando el Católico"
_94721
740 0 2 _aJoaquín Costa en el Ateneo de Madrid y el Ateneo en tiempos de Costa.
830 1 _aEstudios. Historia
_9224537
830 1 0 _aPublicación ... de la Institución Fernando el Católico
_v3294
_9233871
852 _aES-MaACL
_jA-13115
_9190448
_bR.150143
_cDEPO1
_dOlim: N-6115
_hDonación: Alberto Gil Novales
903 _aGil Novales, Alberto,
_d1930-2016
_ednr
_956851
942 _2udc
_cMONOGRAFIA
999 _c183507
_d183507